Welcome to CU Library Online Public Access Catalogue (OPAC)

VITAL APOLOGETIC ISSUES; (Record no. 6208)

MARC details
000 -LEADER
fixed length control field 00435nam a22001457a 4500
005 - DATE AND TIME OF LATEST TRANSACTION
control field 20250603123746.0
008 - FIXED-LENGTH DATA ELEMENTS--GENERAL INFORMATION
fixed length control field 250603b |||||||| |||| 00| 0 eng d
020 ## - INTERNATIONAL STANDARD BOOK NUMBER
International Standard Book Number 9780825440700
050 ## - LIBRARY OF CONGRESS CALL NUMBER
Classification number BT1102
Item number VIT
245 ## - TITLE STATEMENT
Title VITAL APOLOGETIC ISSUES;
Remainder of title EXAMINING REASON AND REVELATION IN BIBLICAL PERSPECTIVE
Statement of responsibility, etc. EDITED BY ROY B. ZUCK
260 ## - PUBLICATION, DISTRIBUTION, ETC.
Place of publication, distribution, etc. USA
Name of publisher, distributor, etc. KREGEL resources
Date of publication, distribution, etc. c1995
300 ## - PHYSICAL DESCRIPTION
Extent 263p
700 ## - ADDED ENTRY--PERSONAL NAME
Personal name ROY B. ZUCK
942 ## - ADDED ENTRY ELEMENTS (KOHA)
Source of classification or shelving scheme Library of Congress Classification
Koha item type Books
Suppress in OPAC No
999 ## -
-- 6208
-- 6208
Holdings
Withdrawn status Lost status Source of classification or shelving scheme Damaged status Not for loan Collection Home library Current library Shelving location Date acquired Total checkouts Full call number Barcode Date last seen Copy number Price effective from Koha item type
    Library of Congress Classification     Non-fiction Undergraduate Library (Christ Temple) Undergraduate Library (Christ Temple) General stacks 06/03/2025   BT1102 VIT ulct00002935 06/03/2025 1 05/30/2025 Books
    Library of Congress Classification     Non-fiction Undergraduate Library (Christ Temple) Undergraduate Library (Christ Temple) General stacks 06/09/2025   BT1102 VIT ulct00003103 06/09/2025 1 06/01/2025 Books
© 2023-2024 Copyright: Central University Libraries. All Rights Reserved | Created by: Mahone Tech Office